Biology for Engineers/ (Record no. 214220)

MARC details
000 -LEADER
fixed length control field 00809nam a22002417a 4500
005 - DATE AND TIME OF LATEST TRANSACTION
control field 20260116122005.0
010 ## - LCCN (DPL NO)
LC control number ENG-147509
020 ## - INTERNATIONAL STANDARD BOOK NUMBER
International Standard Book Number 9789367139288
Terms of availability 825.00
035 ## - SYSTEM CONTROL NUMBER
System control number EN-131041
037 ## - SOURCE OF ACQUISITION
Source of stock number/acquisition DBAD
082 ## - DEWEY DECIMAL CLASSIFICATION NUMBER
Classification number 570.2462
Edition number 1
100 ## - MAIN ENTRY--PERSONAL NAME
Personal name Bhattacharya, Debasmita
245 ## - TITLE STATEMENT
Title Biology for Engineers/
Statement of responsibility, etc Debasmita Bhattacharya...[et.al]
250 ## - EDITION STATEMENT
Edition statement 1
260 ## - PUBLICATION, DISTRIBUTION, ETC. (IMPRINT)
Place of publication, distribution, etc Noida
Name of publisher, distributor, etc Pearson India Education
Date of publication, distribution, etc 2026
270 ## - ADDRESS
Address 15th Floor, Towe-B, World Trade Tower, Plot No.1, Block-C, Sector-16
City Noida
Postal code 201301
300 ## - PHYSICAL DESCRIPTION
Extent 540p.
Dimensions 23cm(pb)
Other physical details Index
700 ## - ADDED ENTRY--PERSONAL NAME
Personal name Mukherjee, Ruchira
Relator term Author
9 (RLIN) 86497
700 ## - ADDED ENTRY--PERSONAL NAME
Personal name Lahiri, Dibyajit
Relator term Author
9 (RLIN) 86500
700 ## - ADDED ENTRY--PERSONAL NAME
Personal name Nag, Moupriya
Relator term Author
9 (RLIN) 86501
700 ## - ADDED ENTRY--PERSONAL NAME
Personal name Banerjee, Subhamoy
Relator term Author
9 (RLIN) 86498
942 ## - ADDED ENTRY ELEMENTS (KOHA)
Source of classification or shelving scheme Dewey Decimal Classification
Item type English Books
Classification part 570.2462
Call number suffix BHA
Holdings
Withdrawn status Lost status Not for loan Collection code Home library Current library Date acquired Source of acquisition Cost, normal purchase price Full call number Barcode Copy number Cost, replacement price Koha item type
      Non-fiction RC3 Aruna Nagar RC3 Aruna Nagar 16/01/2026 Delivery of Books Act Division 825.00 570.2462 BHA EN-131041 1 825.00 English Books

© Delhi Public Library
Hit Counter
free hit counter